000 00528nam a22001937a 4500
005 20240716170915.0
040 _curs
050 _aHD 57.7 A33 1988
100 _aAdair, John
_eauthor
245 _aEffective leadership a modern guide to developing leadership skills
_cJohn Adair
250 _a1988
260 _aLondon
_bPan Books Ltd
_c1988
300 _a224 pages
336 _2rdacontent
_atext
_btxt
337 _2rdamedia
_aunmediated
_bn
338 _2rdacarrier
_avolume
_bnc
650 _2Leadership
942 _2lcc
_cBK
999 _c80711
_d80710